| LEADER | 01368namaa2200301 4500 | ||
|---|---|---|---|
| 001 | main_23045 | ||
| 003 | GR-kkKDBK | ||
| 005 | 20191001212348.0 | ||
| 008 | 080509s2006uuuugr#a|||grb||| 000|0dgre d | ||
| 020 | |a 960-86535-4-1 | ||
| 040 | |a GR-kkKDBK |b gre |d GR-kkKDBK |e AACR2 | ||
| 041 | 0 | |a gre |b eng | |
| 082 | 0 | |a 550 | |
| 130 | 0 | |a Υδάτινες διαδρομές στο νομό Αχαΐας = water itineraries in Achaia |9 92600 | |
| 245 | 1 | 0 | |a Υδάτινες διαδρομές στο νομό Αχαΐας = |b water itineraries in Achaia / |c επιμέλεια Ελένη Σιμώνη |
| 260 | |a [χ.τ.] : |b Τ.Ε.Δ.Κ. Νομού Αχαΐας, |c 2006 | ||
| 300 | |a 88 σ. : |b έγχρ. εικ., χάρτες ; |c 20 εκ. | ||
| 650 | 4 | |a Λαογραφία |z Αχαΐα |9 53860 | |
| 650 | 4 | |a Νερό |9 66899 | |
| 650 | 4 | |a Νερόμυλοι |9 63398 | |
| 650 | 4 | |a Ποταμοί |x Οικολογία |z Αχαΐα |9 53836 | |
| 650 | 4 | |a Υγρότοποι |9 63207 | |
| 650 | 4 | |a Υδροβιότοποι |9 64757 | |
| 650 | 7 | |a Νερό |x Θρησκευτικές απόψεις |9 53845 | |
| 710 | 2 | |4 pbl |a Τοπική Ένωση Δήμων και Κοινοτήτων Νομού Αχαϊας |9 27288 | |
| 942 | |c BK | ||
| 999 | |c 23787 |d 23787 | ||
| 952 | |0 0 |1 0 |4 0 |6 550_000000000000000_ΥΔΑ |7 0 |9 35044 |a KDBK |b KDBK |d 2008-05-12 |i 03442008 |l 0 |o 550 ΥΔΑ |p 03442008 |r 2019-04-28 |w 2019-04-28 |y BK | ||